000 00499nam a2200181Ia 4500
003 GCL
008 140319s9999 xx 000 0 ara d
040 _aGCL /
_cGCL
082 0 4 _a880
_bم ا
100 1 _aمحمد حمدى ابراهيم
245 1 0 _aالادب السكندرى /
_cمحمد حمدى ابراهيم
300 _a299 ص
490 _a
650 0 4 _aالادب اليونانى
650 0 4 _aتاريخ ونقد
650 0 4 _aالعصر الهيلنستى
942 _2ddc
_cBK
999 _c41626
_d41626